| 000 | 01026nam a2200325 a 4500 | ||
|---|---|---|---|
| 001 | 22730 | ||
| 003 | SK-KTurca | ||
| 005 | 20260421161748.0 | ||
| 008 | 250414s1987 xo 0 slo | ||
| 015 | _aSNBA1988/05 | ||
| 035 | _aSNK000063789 | ||
| 040 |
_aSNK _bslo _cSNK _eAACR2 |
||
| 041 | 0 | _aslo | |
| 044 |
_axo _cSK |
||
| 080 |
_a840-3 _21981 |
||
| 100 | 1 |
_aRoberts, Jean-Marc, _d1954-2013 _4aut |
|
| 245 | 1 | 0 |
_aČudný prípad _cJean-Marc Roberts ; Jasna Navrátilová, Štefan Povchanič, Miroslav Cipár, Igor Imro |
| 250 | _a1. vyd. | ||
| 260 |
_aBratislava _bTatran _c1987 _eBanská Bystrica _fTlačiarne SNP |
||
| 300 |
_a136 s., 7,44 AH _c20 cm |
||
| 366 | _e15000 výtl. | ||
| 490 | 0 |
_aLUK _vZv. 117. |
|
| 700 | 1 |
_aNavrátilová, Jasna, _d1952- _4trl |
|
| 700 | 1 |
_aPovchanič, Štefan, _d1939- _4[ADC] |
|
| 700 | 1 |
_aCipár, Miroslav, _d1935-2021 _4bkd |
|
| 700 | 1 |
_aImro, Igor, _d1943- _4bkd |
|
| 942 |
_2ddc _cKLDO _n0 |
||
| 999 |
_c22730 _d22730 |
||